00963nam a2200241 i 4500001000300000100003000003245019300033246007600226260005300302300002100355490003900376500008300415504001400498650001900512650002000531700003700551830003900588020001500627040000800642041001100650080001900661008004100680bg1 aBOUVIER, Micheld(1945- )10aWprowadzenie do prawa podatkowego i teorii podatku /cMichel Bouvier ; przekł. Hanna Bełżecka-Goethals ; [red. nauk., weryfikacja przekł., przedm. do wyd. pol. Eugeniusz Ruśkowski]. iTyt. oryg.:aIntroduction au droit fiscal et à théorie de l'impôt aWarszawa :b"KiK" Konieczny i Kruszewski,c2000. a261 s. ;c21 cm.1 aBiblioteka Przeglądu Podatkowego aTyt. oryg.: "Introduction au droit fiscal et à théorie de l'impôt" 1998. aBibliogr. 9aPodatekxprawo 9aPodatekxteoria1 aRUŚKOWSKI, Eugeniusz.ePrzedm. aBiblioteka Przeglądu Podatkowego a839131636X cBPK1 aplhfr a336.221.24.001 s pl f |000 0 pol